| 000 | 00641nam a22001695i 4500 | ||
|---|---|---|---|
| 001 | 165364 | ||
| 003 | ES-MaACL | ||
| 005 | 20230906213125.0 | ||
| 008 | 050822s1874 xxk | |||||||| ||spa d | ||
| 040 |
_aCAM _bspa _cCAM |
||
| 100 | 1 |
_aSilva Ferro, Ramón de. _9132731 |
|
| 245 | 1 | 0 |
_aProyecto de ley de minas _b: de acuerdo con los principios modernos de legislacion en mineria / _carreglado por Ramon de Silva Ferro ... |
| 260 |
_aLondres : _b[s.n.], _c1874 ( _fImprenta de Clayton y ca.) |
||
| 300 |
_a50 p. ; _c22 cm. |
||
| 650 | 4 |
_aMinas- _zHonduras. _9136504 |
|
| 852 |
_aES-MaACL _jT-187-F-7 _z-- Enc. hol. _z-- Enc. en un vol. facticio |
||
| 999 |
_c165364 _d165364 |
||